[Event "Moscow RSCU-ch blitz"]
[Site "Moscow"]
[Date "2011.01.09"]
[Round "4"]
[White "Nepomniachtchi, Ian"]
[Black "Karjakin, Sergey"]
[Result "1/2-1/2"]
[WhiteElo "2733"]
[BlackElo "2776"]
[PlyCount "74"]
[EventDate "2011.01.09"]
[EventType "match (blitz)"]
[EventRounds "5"]
[EventCountry "RUS"]
[SourceTitle "CBM 140 Extra"]
[Source "ChessBase"]
[SourceDate "2011.03.01"]
[SourceVersion "1"]
[SourceVersionDate "2011.03.01"]
[SourceQuality "1"]

1. e4 e5 2. Nf3 Nc6 3. d4 exd4 4. Nxd4 Nf6 5. Nxc6 bxc6 6. e5 Qe7 7. Qe2 Nd5 8.
Nd2 Bb7 9. g3 O-O-O 10. Bg2 Re8 11. Nf3 f6 12. c4 Nb6 13. O-O fxe5 14. Re1 d6
15. Nd4 Qd7 16. Nb3 h5 17. Na5 d5 18. Nxb7 Kxb7 19. Rd1 Bc5 20. a4 Qg4 21. Qxg4
hxg4 22. cxd5 Nxd5 23. Bxd5 cxd5 24. Rxd5 Kc6 25. Rd3 Rh5 26. Be3 Bxe3 27. Rxe3
Reh8 28. Rc1+ Kd6 29. Rd3+ Ke6 30. Rxc7 Rxh2 31. Kf1 Rf8 32. Rd2 e4 33. Rc4 Ke5
34. Re2 Kd5 35. Rcc2 Rh1+ 36. Kg2 Rfh8 37. Red2+ Ke6 1/2-1/2

[Event "Poikovsky Karpov 12th"]
[Site "Poikovsky"]
[Date "2011.10.06"]
[Round "3"]
[White "Karjakin, Sergey"]
[Black "Laznicka, Viktor"]
[Result "1-0"]
[WhiteElo "2772"]
[BlackElo "2701"]
[Annotator "Karjakin,S"]
[PlyCount "59"]
[EventDate "2011.10.04"]
[EventType "tourn"]
[EventRounds "9"]
[EventCountry "RUS"]
[EventCategory "19"]
[SourceTitle "CBM 145"]
[Source "ChessBase"]
[SourceDate "2011.11.11"]
[SourceVersion "1"]
[SourceVersionDate "2011.11.11"]
[SourceQuality "1"]

1. e4 c6 2. d4 d5 3. e5 Bf5 4. Nf3 e6 5. Be2 c5 6. Be3 Qb6 7. Nc3 Nc6 8. O-O
Qxb2 9. Qe1 {Viktor went for the principal line, but now he does not go for
the main line 9...cxd4.} c4 10. Rb1 Qxc2 11. Rxb7 Bb4 $2 {I think that this is
already a big mistake! Viktor is following the game Motylev-Alsina Leal, but I
was ready for that!} ({If Black went for this position, I think it was
necessary to play} 11... Rb8) 12. Rxb4 Nxb4 13. Bd1 $1 $146 {Very natural
novelty! Motylev played 13.Qa1, wich is not so clear. But in fact he wanted to
play 13.Bd1, but simply mixed moves!} Qd3 14. Ba4+ Kf8 15. Qa1 Bg4 {White was
threating to play Ne1, so Black does not have a choice.} 16. Qb2 Rb8 (16... a5
17. Ne1 Qg6 18. a3 {is also bad for Black.}) 17. Rb1 {A very important
position! Mmy opponent spent a lot of time here, but probably there were
nothing better than what he played.} Bxf3 $1 ({At the beginning the computer
suggests} 17... f6 {but then it finds the brilliant reply} 18. Ne1 Qg6 19.
Qxb4+ $3 Rxb4 20. Rxb4 {and although Black has a queen just for bishop and
knight Black is defenceless against Rb8 and Bc1! For example:} Qh5 (20... Ke7
21. Rb7+ Kd8 22. Nb5 Qb1 23. Bd2 $18) 21. Rb8+ Ke7 22. h3 Bxh3 23. Bc1 $18) 18.
Bc2 Be2 $2 ({Good or bad, but Black should have played} 18... Qxc2 19. Qxc2
Nxc2 20. Rxb8+ Ke7 21. gxf3 {where White is clearly better, but it was the
lesser evil for Black.}) 19. Bxd3 Bxd3 20. a3 $1 {This is much stronger than
to go with the rook, as it does not give Black time to consolidate.} (20. Rc1
Ne7 {is less clear.}) 20... Bxb1 (20... Nc6 21. Qxb8+ Nxb8 22. Rxb8+ Ke7 23.
Rb7+ {is completely winning for White!}) 21. axb4 {Although Black has 2 rooks
and pawn for the queen White is winning, as Black's rook on h8 can not help to
defend against the many threats!} Bg6 22. Qa3 ({But not} 22. b5 $6 f6 23. Qa3+
Kf7 24. Qxa7+ $6 Ne7 {and Black consolidates!}) 22... Rb7 (22... f6 23. Qxa7 {
is lost for Black.}) 23. b5+ Re7 24. Bf4 {An accurate move to prevent ...f6
after which White is completely winning!} h6 25. h4 {Many moves are winning,
but I simply wanted to prevent any counterplay.} Rh7 26. Qa6 {Preparing Bc1-a3!
} Bf5 27. Bc1 f6 28. Ba3 fxe5 29. Qc8+ Kf7 30. Nxd5 {Black resigned!} 1-0

[Event "EU-chT (Men) 18th"]
[Site "Porto Carras"]
[Date "2011.11.08"]
[Round "6.3"]
[White "Karjakin, Sergey"]
[Black "Mamedyarov, Shakhriyar"]
[Result "1/2-1/2"]
[WhiteElo "2763"]
[BlackElo "2733"]
[PlyCount "47"]
[EventDate "2011.11.03"]
[EventType "team-swiss"]
[EventRounds "9"]
[EventCountry "GRE"]
[SourceTitle "CBM 146"]
[Source "ChessBase"]
[SourceDate "2012.01.18"]
[SourceVersion "1"]
[SourceVersionDate "2012.01.18"]
[SourceQuality "1"]
[WhiteTeam "Russia"]
[BlackTeam "Azerbaijan"]
[WhiteTeamCountry "RUS"]
[BlackTeamCountry "AZE"]

1. e4 e5 2. Nf3 Nf6 3. Nxe5 d6 4. Nf3 Nxe4 5. Nc3 Nxc3 6. dxc3 Be7 7. Be3 Nc6
8. Qd2 O-O 9. O-O-O Ne5 10. Kb1 c6 11. Nxe5 dxe5 12. Bd3 Be6 13. Qe2 Qa5 14. c4
Rfe8 15. g4 e4 16. Bxe4 Bf6 17. g5 Bxb2 18. Kxb2 Qb4+ 19. Kc1 Bxc4 20. Bd3 Qa3+
21. Kd2 Qa5+ 22. Kc1 Qa3+ 23. Kd2 Qa5+ 24. Kc1 1/2-1/2

[Event "Wch Blitz 6th"]
[Site "Astana"]
[Date "2012.07.09"]
[Round "3"]
[White "Karjakin, Sergey"]
[Black "Chadaev, Nikolay"]
[Result "1-0"]
[WhiteElo "2779"]
[BlackElo "2580"]
[PlyCount "126"]
[EventDate "2012.07.09"]
[EventType "tourn (blitz)"]
[EventRounds "30"]
[EventCountry "KAZ"]
[EventCategory "19"]
[SourceTitle "CBM 149 Extra"]
[Source "ChessBase"]
[SourceDate "2012.08.24"]
[SourceVersion "1"]
[SourceVersionDate "2012.08.24"]
[SourceQuality "1"]

1. e4 e5 2. Nf3 Nc6 3. Bb5 a6 4. Ba4 Nf6 5. O-O Be7 6. d3 d6 7. c3 O-O 8. Re1
Bd7 9. Nbd2 Re8 10. Nf1 Bf8 11. Ng3 h6 12. h3 g6 13. d4 Bg7 14. Bc2 Qe7 15. Be3
Kh7 16. Qd2 Rad8 17. d5 Nb8 18. c4 c6 19. b4 cxd5 20. cxd5 Rc8 21. Rac1 Rc4 22.
Bd3 Rxc1 23. Rxc1 Bb5 24. Bxb5 axb5 25. Qd3 Qd7 26. Kh2 Na6 27. a3 Nc7 28. Nd2
Rf8 29. Nb3 Ng8 30. Na5 Na6 31. Ne2 f5 32. f3 Nf6 33. Nc3 fxe4 34. Nxe4 Nxe4
35. Qxe4 h5 36. Qd3 Bh6 37. Bxh6 Kxh6 38. Nb3 Kg7 39. Nd2 Nc7 40. Ne4 Ne8 41.
Ng5 Rg8 42. Ne6+ Kh7 43. Qe3 Qe7 44. Rc8 Qd7 45. Rd8 Qe7 46. Qb6 Kh8 47. Rb8
Ng7 48. Rxb7 Qf6 49. Qe3 Nf5 50. Qc1 Qh4 51. Qg5 Qxg5 52. Nxg5 Ra8 53. g4 hxg4
54. fxg4 Nd4 55. Nf7+ Kg8 56. Nxd6 Rxa3 57. Nxb5 Ra2+ 58. Kg3 Ne2+ 59. Kh4 Rd2
60. d6 Nf4 61. Kg5 Nxh3+ 62. Kxg6 Nf4+ 63. Kf5 Nd5 1-0

[Event "Moscow Piterenka rapid"]
[Site "Moscow"]
[Date "2012.12.29"]
[Round "6"]
[White "Jakovenko, Dmitrij"]
[Black "Karjakin, Sergey"]
[Result "1/2-1/2"]
[WhiteElo "2741"]
[BlackElo "2775"]
[PlyCount "100"]
[EventDate "2012.12.29"]
[EventType "tourn (rapid)"]
[EventRounds "6"]
[EventCountry "RUS"]
[EventCategory "20"]
[SourceTitle "CBM 152 Extra"]
[Source "ChessBase"]
[SourceDate "2013.02.25"]
[SourceVersion "1"]
[SourceVersionDate "2013.02.25"]
[SourceQuality "1"]

1. e4 e5 2. Nf3 Nc6 3. Bb5 a6 4. Ba4 Nf6 5. O-O Be7 6. d3 b5 7. Bb3 d6 8. a4
Bd7 9. c3 O-O 10. Re1 Na5 11. Bc2 c5 12. Nbd2 Nc6 13. Nf1 Re8 14. Bg5 h6 15.
Bxf6 Bxf6 16. Ne3 Ne7 17. Bb3 Rb8 18. axb5 axb5 19. Nd5 Nxd5 20. Bxd5 Be6 21.
Bxe6 fxe6 22. Qc2 Ra8 23. Qb3 Qd7 24. Ra2 d5 25. Rxa8 Rxa8 26. h3 c4 27. Qc2
Qd6 28. d4 exd4 29. e5 d3 30. Qd1 Qf8 31. exf6 Qxf6 32. Qd2 Ra2 33. Re5 g5 34.
Qe1 Kf7 35. Qb1 Ra7 36. Re1 Kg7 37. Qc1 Ra2 38. Nd4 e5 39. Nxb5 Qb6 40. Rxe5
Qxb5 41. Qe3 Ra1+ 42. Kh2 Qb8 43. f4 Ra7 44. Qd4 Kh7 45. Qxd5 gxf4 46. Qe4+ Kg7
47. Qxf4 Rb7 48. Kg3 d2 49. Rd5 Qxf4+ 50. Kxf4 Rxb2 1/2-1/2

[Event "Zug FIDE GP"]
[Site "Zug"]
[Date "2013.04.28"]
[Round "9"]
[White "Leko, Peter"]
[Black "Karjakin, Sergey"]
[Result "1/2-1/2"]
[WhiteElo "2744"]
[BlackElo "2786"]
[PlyCount "112"]
[EventDate "2013.04.18"]
[EventType "tourn"]
[EventRounds "11"]
[EventCountry "SUI"]
[EventCategory "21"]
[SourceTitle "CBM 154"]
[Source "ChessBase"]
[SourceDate "2013.05.15"]
[SourceVersion "1"]
[SourceVersionDate "2013.05.15"]
[SourceQuality "1"]

1. Nf3 Nf6 2. c4 b6 3. d4 e6 4. g3 Ba6 5. b3 Bb4+ 6. Bd2 Be7 7. Nc3 O-O 8. Bg2
c6 9. e4 d5 10. exd5 cxd5 11. Ne5 Bb7 12. O-O Nc6 13. Bf4 Na5 14. Rc1 Ba3 15.
Rb1 Bb4 16. Ne2 Nc6 17. Bg5 Be7 18. Nf4 Ne4 19. cxd5 exd5 20. Nxc6 Bxc6 21.
Bxe7 Qxe7 22. Re1 Qf6 23. Rc1 Bb7 24. Re2 Rae8 25. Rc7 Ba8 26. Rxa7 Bc6 27. Rc2
Qd6 28. Qc1 Qb8 29. Ra3 Bb7 30. b4 Qd6 31. Rb3 Qf6 32. Qb2 g5 33. Nd3 Nd6 34.
a4 Nf5 35. Ne5 Nxd4 36. Qxd4 Qxe5 37. Qxe5 Rxe5 38. Re3 Ree8 39. Rc7 Ba8 40.
Ra7 Rc8 41. h3 d4 42. Re5 d3 43. Rxg5+ Kh8 44. Bxa8 Rxa8 45. Rd7 Rfd8 46. Rgd5
Rxd7 47. Rxd7 Rxa4 48. b5 Rb4 49. Kg2 Rxb5 50. Rxd3 Kg7 51. Rd6 Rb4 52. g4 Rb1
53. Kg3 b5 54. Rb6 b4 55. Kf4 Rh1 56. Rxb4 Rxh3 1/2-1/2

[Event "Kiev rapid"]
[Site "Kiev"]
[Date "2013.06.07"]
[Round "9"]
[White "Karjakin, Sergey"]
[Black "Karpov, Anatoly"]
[Result "1-0"]
[WhiteElo "2782"]
[BlackElo "2619"]
[Annotator "Schulz,Andre"]
[PlyCount "65"]
[EventDate "2013.06.05"]
[EventType "tourn (rapid)"]
[EventRounds "9"]
[EventCountry "UKR"]
[EventCategory "19"]
[SourceTitle "CBM 154 Extra"]
[Source "ChessBase"]
[SourceDate "2013.06.25"]
[SourceVersion "2"]
[SourceVersionDate "2013.06.25"]
[SourceQuality "1"]

1. e4 d5 {Da sage noch jemand, Karpov ginge nicht mit der Zeit.} 2. exd5 Qxd5
3. Nc3 Qd6 {Die "moderne" Variante der Skandinavischen Verteidigung.} 4. d4 c6
5. Ne4 {Ein selten gespielter Zug, der aber sehr natürlich aussieht.} ({
Üblicher ist} 5. Nf3 Nf6 6. Ne5 ({oder} 6. g3)) 5... Qe6 ({Die Alternative ist
} 5... Qc7 {z.B.:} 6. Bd3 Bf5 7. Nf3 Nd7 8. O-O e6 9. c4 Bg6 10. d5 Bxe4 11.
Bxe4 Ndf6 12. Re1 Nxe4 13. Rxe4 Nf6 14. Re1 O-O-O 15. Qa4 exd5 16. cxd5 Nxd5
17. Qxa7 Bb4 18. Bd2 Bxd2 19. Nxd2 Rhe8 20. Ne4 Qb8 21. Qa3 Re6 22. Ng5 Rxe1+
23. Rxe1 Qf4 24. Nf3 f6 25. Qd3 g6 26. Qe2 Qd6 27. g3 Nc7 28. Qc4 Qd3 29. Qxd3
Rxd3 30. Kg2 Kd7 31. h4 Ne6 32. Re4 b5 33. Re2 Kd6 34. Nd2 f5 35. Nf3 Rd5 36.
Ng5 {1/2-1/2 (35) Adams,M (2620)-Speelman,J (2630) Brussels 1992}) 6. Qe2 Nf6
7. f3 g6 8. g3 Nd5 $2 {Das ist kein gute Manöver.} (8... Nxe4 9. fxe4 Bg7 10.
Bh3 f5 11. Nf3 O-O 12. Ng5 Qd6 13. c3 h6 14. Bf4 Qd7 15. Nf3 Qe6 16. Ne5 Nd7
17. exf5 gxf5 18. O-O Nxe5 19. dxe5 Qg6 20. c4 Be6 21. Bg2 Rfd8 22. b3 Rd7 23.
Bf3 Bf7 24. Rad1 Rad8 25. Rxd7 Rxd7 26. h4 Qe6 27. h5 Rd8 28. Re1 Be8 29. a4
Qd7 30. Qe3 a6 31. Kf2 Kh7 32. Be2 Qd4 33. Qxd4 Rxd4 34. e6 Re4 35. Bf3 Bd4+
36. Kf1 Rxe1+ 37. Kxe1 b5 38. cxb5 cxb5 39. a5 b4 40. Be2 Kg7 41. Bxa6 Bxh5 42.
Bb7 Kf6 43. a6 Kxe6 44. Kd2 Kd7 45. Bb8 Bf7 46. Kc2 h5 47. a7 Bxa7 48. Bxa7 Kd6
49. Bf3 e5 50. Be3 Bg6 51. Kc1 h4 52. gxh4 f4 53. Bd2 Kc5 54. h5 Bh7 55. Bg4
Kd4 56. Bxb4 e4 57. Kd2 {1-0 (57) Bologan,V (2688)-Tiviakov,S (2670) Sibenik
2009}) 9. c4 Nb4 ({Nach} 9... Nb6 10. Nh3 Bg7 11. c5 Nd5 {folgt} 12. Nhg5 Qd7
13. Nd6+) 10. a3 N4a6 11. d5 $18 {Schon der Gewinnzug.} cxd5 12. cxd5 Qb6 ({Auf
} 12... Qxd5 {käme} 13. Nf6+ {mit Damengewinn.}) 13. Be3 Qd8 14. Bd4 {Für
Schwarz folgt eine Katastrophe auf die andere. Es droht vor allem Sf6 matt.} f6
15. Nxf6+ Kf7 16. Ne4 Rg8 17. Bh3 ({Gut war auch} 17. Ng5+ Ke8 18. Qb5+ Bd7 19.
Qxb7 $18) 17... h6 (17... Bxh3 18. Nxh3 h6 19. Neg5+ hxg5 20. Nxg5+ Ke8 21. Qe6
$18) 18. Bxc8 ({Hässlich war auch} 18. Be6+ Bxe6 19. dxe6+ Kxe6 20. Ng5+ Kd7
21. Qe6+ Ke8 22. Qf7+ Kd7 23. Rd1 $18) 18... Qxc8 19. f4 Nc7 20. Rc1 Qd8 21.
Nf3 Bg7 22. Bxg7 (22. Ne5+ $1) 22... Kxg7 23. Nc5 Nba6 24. Nxa6 Nxa6 25. Qe5+
Kh7 26. h4 Rf8 27. Ng5+ hxg5 28. hxg5+ Kg8 29. Qe6+ Kg7 30. Rh6 Qd6 31. Rxg6+
Kh7 32. Rh6+ Kg7 33. Qe4 {Nun hatte der frühere Weltmeister genug.} 1-0

[Event "FIDE World Cup"]
[Site "Tromsoe"]
[Date "2013.08.16"]
[Round "2.4"]
[White "Sasikiran, Krishnan"]
[Black "Karjakin, Sergey"]
[Result "1/2-1/2"]
[WhiteElo "2660"]
[BlackElo "2772"]
[PlyCount "65"]
[EventDate "2013.08.11"]
[EventType "k.o."]
[EventRounds "7"]
[EventCountry "NOR"]
[SourceTitle "CBM 156"]
[Source "ChessBase"]
[SourceDate "2013.09.17"]
[SourceVersion "1"]
[SourceVersionDate "2013.09.17"]
[SourceQuality "1"]

1. d4 Nf6 2. c4 e6 3. Nc3 Bb4 4. e3 O-O 5. Nge2 d5 6. a3 Be7 7. cxd5 exd5 8.
Nf4 Re8 9. Bd3 Bd6 10. O-O Bxf4 11. exf4 Nc6 12. Ne2 Ne4 13. Be3 Bf5 14. Rc1
Qd7 15. Bb5 Nd6 16. Qa4 Nxb5 17. Qxb5 Rab8 18. Ng3 a6 19. Qa4 Rbc8 20. Nxf5
Qxf5 21. Rc5 Red8 22. Rfc1 h5 23. h3 Rd7 24. Rxc6 bxc6 25. Rxc6 Ra8 26. b4 Qd3
27. Kh2 Re7 28. Rc1 Rae8 29. Rd1 Qc4 30. Re1 Qd3 31. Rd1 Qc4 32. Rc1 Qd3 33.
Rd1 1/2-1/2

[Event "Moscow-ch blitz 67th"]
[Site "Moscow"]
[Date "2013.09.01"]
[Round "13"]
[White "Glek, Igor Vladimirovich"]
[Black "Karjakin, Sergey"]
[Result "0-1"]
[WhiteElo "2460"]
[BlackElo "2772"]
[PlyCount "56"]
[EventDate "2013.09.01"]
[EventType "tourn (blitz)"]
[EventRounds "19"]
[EventCountry "RUS"]
[EventCategory "15"]
[SourceTitle "CBM 156 Extra"]
[Source "ChessBase"]
[SourceDate "2013.10.22"]
[SourceVersion "1"]
[SourceVersionDate "2013.10.22"]
[SourceQuality "1"]

1. e4 c5 2. Nf3 d6 3. Bb5+ Nd7 4. O-O Ngf6 5. Re1 a6 6. Bd3 Qc7 7. c3 c4 8. Bc2
b5 9. b3 e6 10. a4 Rb8 11. axb5 axb5 12. Na3 Be7 13. Qe2 cxb3 14. Bxb3 b4 15.
Nb5 Qb6 16. Ba4 O-O 17. d3 Ba6 18. Be3 Qb7 19. c4 Nc5 20. Reb1 Nxa4 21. Rxa4 d5
22. exd5 exd5 23. Nfd4 Rfe8 24. Qa2 Bxb5 25. Nxb5 dxc4 26. dxc4 Qe4 27. Nd4 Ng4
28. Qe2 Qxb1+ 0-1

[Event "WchT 9th"]
[Site "Antalya"]
[Date "2013.11.29"]
[Round "4.2"]
[White "Karjakin, Sergey"]
[Black "Safarli, Eltaj"]
[Result "1-0"]
[WhiteElo "2756"]
[BlackElo "2653"]
[Annotator "Szabo,Kr"]
[PlyCount "81"]
[EventDate "2013.11.26"]
[EventType "team-tourn"]
[EventRounds "9"]
[EventCountry "TUR"]
[SourceTitle "CBM 158"]
[Source "ChessBase"]
[SourceDate "2014.01.16"]
[SourceVersion "1"]
[SourceVersionDate "2014.01.16"]
[SourceQuality "1"]
[WhiteTeam "Russia"]
[BlackTeam "Azerbaijan"]
[WhiteTeamCountry "RUS"]
[BlackTeamCountry "AZE"]

1. e4 c5 2. Nf3 e6 3. d4 cxd4 4. Nxd4 Nc6 5. Nc3 Qc7 6. Be3 a6 7. Qd2 Nf6 8.
O-O-O Be7 9. f3 b5 10. Kb1 {A typical prophylactic move. Karjakin doesn't want
to hurry with g4.} ({The natural} 10. g4 {is more common.}) 10... Nxd4 (10...
Bb7 11. g4 {leads to the 10.g4 lines.}) 11. Bxd4 b4 $146 {The new move.} (11...
Bb7 {could have been met by} 12. e5 $1 (12. Qg5 {was also tried by Ivanchuk} b4
13. Na4 O-O 14. Nb6 Rae8 15. Qg3 d6 16. Nc4 e5 17. Bb6 Qc6 $13 {with a
double-edged fight, Ivanchuk-Wang Yue, Beijing blitz 2013.}) 12... Nd5 13. Ne4
O-O 14. Nf6+ $1 Kh8 (14... gxf6 15. exf6 $16) 15. Bd3 g6 (15... Rfc8 16. Nxh7
$16) 16. Nxd5 Bxd5 17. h4 $16 {with a decisive attack.}) 12. Na4 Rb8 {
Otherwise immediately Nb6.} 13. Qf2 O-O 14. Nb6 e5 ({In the event of} 14... d6
15. Nxc8 Rbxc8 (15... Qxc8 16. e5 dxe5 17. Bxe5 Ra8 18. Bd3 $14 {and White has
a very comfortable position.}) 16. Bxa6 Ra8 17. Qe2 Qa5 18. Bc4 {and White
looks nicely placed.}) 15. Be3 d6 16. Nxc8 Qxc8 $1 {A very deep move. Black
didn't only defend the a6 P, but he prepared for a great plan, which we will
see in the next move.} (16... Rbxc8 17. g4 (17. Bxa6 {looks a little bit
dangerous, but} Ra8 18. Qe2 b3 $1 19. cxb3 Qa5 20. Bc4 Qxa2+ 21. Kc2 Rfc8 22.
Ra1 Qxa1 23. Rxa1 Rxa1 24. Qd2 $14 {and White is slightly better, but this is
still a difficult game.}) 17... a5 18. Bb5 $14) 17. b3 $1 {Prepares for Bc4.}
Ne8 $1 {A nice move. After 16...Qxc8 Black frees the c7 square for his N,
which was already useless on f6, but now it's going towards c7 then b5.} 18.
Bc4 Nc7 19. Rd3 Nb5 20. Bxb5 axb5 {Safarli opens the a-file for his major
pieces to create an attack against the white K.} (20... Rxb5 {was also possible
} 21. Rc1 Qe6 22. c4 bxc3 23. Rdxc3 d5 24. Rc6 Qd7 $13 {with an unclear fight.}
) 21. Rc1 {White prepares for c3.} f5 ({The immediate} 21... Ra8 {could have
been met by} 22. c3 $1 bxc3 23. Rdxc3 {and White is slightly better.}) 22. exf5
(22. Qe2 $5 {was also interesing to hold the e4 P:} Ra8 (22... Qb7 23. Bd2 $14)
23. c4 $14 {and White's position is promising.}) 22... Ra8 {A brave decision.
Black allows White to protect the f5 P.} ({In the event of} 22... Rxf5 23. Qd2
Ra8 24. Rd5 Qa6 25. c4 $14) 23. g4 d5 $2 {A logical move, but unfortunately a
big mistake.} (23... Qb7 $1 {was the right move} 24. c4 (24. c3 e4 $1 {This is
the point!} 25. fxe4 Qxe4 $132 {and Black has nice counterplay.}) 24... bxc4 $1
(24... bxc3 $2 25. Rdxc3 $16 {and the white rooks are controlling the c-file.})
(24... e4 25. Rd4 $1 exf3 26. cxb5 $14) 25. Rxc4 d5 26. Rc2 d4 27. Bc1 Rfc8 $44
{and Black has good compensation.}) 24. c3 $1 {Karjakin simply continues his
plan and suddenly Black's position is full of weaknesses.} Qb7 25. Bc5 $1 {
Another strong move.} e4 {Black tries to create some counterplay. Usually it
is the best chance in a practical game.} 26. Bxe7 Qxe7 27. fxe4 $6 {A small
inaccuracy.} (27. Rxd5 $1 {was the strongest reply:} Rfc8 (27... e3 28. Qe2 $18
) 28. Qe3 Rxc3 29. Rxc3 bxc3 30. Qxc3 $16 {and White is better.}) 27... dxe4
28. Re3 Rac8 29. Qe2 Rxc3 ({Maybe} 29... bxc3 {was more exact} 30. Rexc3 Rxc3
31. Rxc3 Qe5 32. Re3 Re8 {and Black's pieces are very powerful.}) 30. Rxe4 (30.
Rexc3 $142 {was more precise} bxc3 31. Qxb5 Rd8 32. Qc4+ Kf8 33. Qxc3 e3 34.
Re1 Qe4+ 35. Qc2 Qxg4 36. Qc5+ Kg8 37. Qxe3 Qxf5+ 38. Qe4 $16 {with a forced
line, but finally White is better.}) 30... Rxc1+ 31. Kxc1 Qd7 (31... Qd6 $1 {
was the best answer, because the Q is more useful on d6.}) 32. Kb1 Qd6 33. Re8
h5 34. gxh5 Qd7 $4 {A decisive mistake, after this Black loses immediately in
the subsequent P endgame.} (34... Qd4 $1 {was the only chance:} 35. h6 $1 Qg1+
36. Qe1 Qxe1+ 37. Rxe1 gxh6 (37... Rxf5 38. Rg1 $1) 38. Re5 Rb8 {followed by
Kf7 then Kf6. Of course White is better, but in R endgames usually there are
some drawing chances.}) 35. Qe6+ $1 Qxe6 36. Rxf8+ Kxf8 37. fxe6 Ke7 38. Kc2
Kxe6 39. Kd3 Kd5 40. Ke3 Ke5 41. h3 {and Black resigned, because he had
calculated until the exchange of queens.} (41. h3 Kf5 42. Kd4 Kg5 43. Kc5 Kxh5
44. Kxb4 Kh4 45. Kxb5 Kxh3 46. a4 g5 47. a5 g4 48. a6 g3 49. a7 g2 50. a8=Q
g1=Q 51. Qh8+ Kg2 52. Qg7+ $18) 1-0

[Event "WchT 9th"]
[Site "Antalya"]
[Date "2013.12.05"]
[Round "9.2"]
[White "Abdel Razik, Khaled"]
[Black "Karjakin, Sergey"]
[Result "1/2-1/2"]
[WhiteElo "2450"]
[BlackElo "2756"]
[PlyCount "64"]
[EventDate "2013.11.26"]
[EventType "team-tourn"]
[EventRounds "9"]
[EventCountry "TUR"]
[SourceTitle "CBM 158"]
[Source "ChessBase"]
[SourceDate "2014.01.16"]
[SourceVersion "1"]
[SourceVersionDate "2014.01.16"]
[SourceQuality "1"]
[WhiteTeam "Egypt"]
[BlackTeam "Russia"]
[WhiteTeamCountry "EGY"]
[BlackTeamCountry "RUS"]

1. d4 d5 2. c4 dxc4 3. Nf3 Nf6 4. e3 e6 5. Bxc4 a6 6. Bb3 b5 7. a4 b4 8. O-O
Bb7 9. Nbd2 Be7 10. Qe2 c5 11. Rd1 Nbd7 12. a5 O-O 13. Bc4 cxd4 14. exd4 Qc7
15. Bd3 Nd5 16. Nc4 Nf4 17. Bxf4 Qxf4 18. Nfe5 Nxe5 19. Nxe5 Rfd8 20. g3 Qf6
21. Be4 Bxe4 22. Qxe4 Rd5 23. Rd3 Qf5 24. Qe2 Bf6 25. Nc6 Rb5 26. Rc1 h5 27.
Rc4 Qd5 28. b3 Qd6 29. Qf3 Re8 30. h4 Kf8 31. Qe4 Rc8 32. Rd1 Qd5 1/2-1/2